01374nam a2200301 i 450000100060000000300090000600500170001500700030003200800390003502000180007408000170009210000380010924501910014724600370033826001020037530000290047749000600050650400320056665000610059865100410065965100570070070000320075771000540078983000680084385200220091199900170093395201220095011318ES-MaACL20230906150056.0t|940922s1994 sp |||| | spa a84-7788-301-7 a904(460.285)1 aIzquierdo Benito, Ricardo.96572010aExcavaciones en la ciudad hispanomusulmana de Vascos (Navalmorejo, Toledo)b: campañas 1983-1988 / cRicardo Izquierdo Benito, con la colaboración de Luis Braojos Largo ... [et al.].34aCiudad hispanomusulmana "Vascos" a[Toledo] : bServicio de Publicaciones de la Junta de Comunidades de Castilla-La Mancha, c[1994] a195 p : bil. ; c30 cm.1 aPatrimonio histórico-arqueología Castilla-La Mancha aBibliografía: p. 193-195. 4aExcavaciones arqueológicas-zToledo (Provincia)912649 4aVascos (Ciudad desaparecida)9168867 4aToledo (Provincia)-xRestos arqueológicos.91688681 aBraojos Largo, Luis.9313791 aCastilla-La Mancha. bJunta de Comunidades.924951 aPatrimonio histórico-arqueología Castilla-La Mancha9228193 aES-MaACLjL-18634 c11318d11318 00104070aATENEOMbATENEOMcDEPO2d2008-01-17eSCl0oL-18634p1011541r2023-02-23 00:00:00w2023-02-23yMONOGRAFIA